Erudizione e antiquaria a Perugia Nell'Ottocento
Saved in:
| Hovedforfatter: | |
|---|---|
| Institution som forfatter: | |
| Format: | Bog |
| Sprog: | italiensk |
| Udgivet: |
Nápoles
Edizioni Scientifiche Italiane
1998
|
| Udgivelse: | 1a. ed |
| Serier: | Incontri Perugini di Storia della Storiografia Antica e Sul Mondo Antico, 5
|
| Fag: | |
| Tags: |
Tilføj Tag
Ingen Tags, Vær først til at tagge denne postø!
|
MARC
| LEADER | 00000cam a2200000 a 4500 | ||
|---|---|---|---|
| 001 | UCD9386 | ||
| 003 | CL-VaPUC | ||
| 008 | 170616e19980000it |||||||||||||||||ita|d | ||
| 020 | |a 888114672X | ||
| 082 | 0 | 4 | |a 945 |b POL |2 21 |
| 100 | 0 | |a Polverini, Leandro |e author |9 593088 | |
| 110 | 2 | |a Università degli Studi di Perugia |e author |9 593089 | |
| 245 | 1 | 0 | |a Erudizione e antiquaria a Perugia Nell'Ottocento |
| 250 | |a 1a. ed | ||
| 300 | |a 375 p | ||
| 942 | |c BK | ||
| 945 | |d 20170616 21:05:00 |a arojas | ||
| 260 | |a Nápoles |b Edizioni Scientifiche Italiane |c 1998 | ||
| 650 | 0 | |a Historia de Italia |9 362027 | |
| 650 | 0 | |a Anticuarios |9 512344 | |
| 651 | 7 | |a PERUGIA |2 CL-VaPUC |9 593090 | |
| 583 | |a last modification |c 20170616 21:05:00 |k Rodrigo Vera | ||
| 490 | 0 | |a Incontri Perugini di Storia della Storiografia Antica e Sul Mondo Antico, 5 | |
| 999 | |c 368594 |d 368592 | ||
| 952 | |0 0 |1 0 |3 erb |4 0 |6 945_000000000000000_POL_1998 |7 0 |8 A |9 483957 |a FDOLAF |b FDOLAF |e Laffi, Umberto, 1939- |i 5397189 |o 945 POL 1998 |p 5397189 |r 2024-01-30 |w 2019-11-24 |y BK |z Catalogado en:20170616 |k LAF | ||